Govt. of
Madhya Pradesh

The Letters of Horace Walpole (Record no. 36806)

MARC details
000 -LEADER
fixed length control field 004470000a22001690004500
003 - CONTROL NUMBER IDENTIFIER
control field MACL
005 - DATE AND TIME OF LATEST TRANSACTION
control field 20160109162252.0
008 - FIXED-LENGTH DATA ELEMENTS--GENERAL INFORMATION
fixed length control field 160109b xxu||||| |||| 00| 0 eng d
040 ## - CATALOGING SOURCE
Original cataloging agency MACL
Transcribing agency MACL
041 ## - LANGUAGE CODE
Language code of text/sound track or separate title English
082 ## - DEWEY DECIMAL CLASSIFICATION NUMBER
Classification number 826/GOS
100 ## - MAIN ENTRY--PERSONAL NAME
Personal name Cunningham, Peter
9 (RLIN) 29393
245 ## - TITLE STATEMENT
Title The Letters of Horace Walpole
Remainder of title fourth earl of orford
260 ## - PUBLICATION, DISTRIBUTION, ETC. (IMPRINT)
Name of publisher, distributor, etc. John Grant
Date of publication, distribution, etc. 1906
Place of publication, distribution, etc. Edinbnrgb
650 ## - SUBJECT ADDED ENTRY--TOPICAL TERM
Topical term or geographic name as entry element Letters
9 (RLIN) 30578
942 ## - ADDED ENTRY ELEMENTS (KOHA)
Koha item type Books
Call number prefix 826/GOS
Source of classification or shelving scheme
Holdings
Withdrawn status Lost status Source of classification or shelving scheme Damaged status Not for loan Home library Current library Date acquired Total Checkouts Full call number Barcode Date last seen Uniform Resource Identifier Price effective from Koha item type
          MACL MACL 15/04/2015   826/GOS CLE002608 29/04/2015 37017 15/04/2015 Books